Loading...
| RC | 1 | 2 | 1 | 1 | 30 | 43 | 99.67 | 1 | 3 | 0.00 | 0.00 |
| BB | 0 | 2 | 0 | 0 | 20 | 88 | 93.00 | 0 | 1 | 0.00 | 0.00 |
| TR | 1 | 0 | 0 | 0 | 15 | 26 | 26.00 | 0 | 1 | 0.00 | 0.00 |
| AR | 1 | 0 | 0 | 0 | 15 | 83 | 83.00 | 0 | 0 | 0.00 | 0.00 |
| AG | 0 | 1 | 0 | 0 | 10 | 88 | 88.00 | 0 | 1 | 0.00 | 0.00 |
| DM | 0 | 1 | 0 | 1 | 10 | 129 | 129.00 | 0 | 0 | 0.00 | 0.00 |
| RR | 0 | 1 | 0 | 0 | 10 | 93 | 93.00 | 0 | 0 | 0.00 | 0.00 |
| MB | 0 | 0 | 1 | 0 | -5 | 0.00 | 0 | 0 | 0.00 | 0.00 |
| TR | Sam Bankman-Fried | 15 | 26 |
| RC | Johnson | 15 | 43 |
| RC | Rokeby Venus | -5 | 48 |
| AR | spiders | 15 | 83 |
| BB | vomiting | 10 | 88 |
| AG | landlords | 10 | 88 |
| RR | Columbine school shooting | 10 | 93 |
| BB | obstructive sleep apnea | 10 | 98 |
| RC | Frida Kahlo | 10 | 114 |
| MB | queen of Egypt | -5 | 118 |